000 00585nam a2200181Ia 4500
003 GCL
008 140319s9999 xx 000 0 ara d
040 _aGCL /
_cGCL
082 0 4 _a658.49
_bك س
100 1 _aكامل محمد المغربى
245 1 0 _aالسلوك التنظيمى مفاهيم, اسس سلوك الفرد والجماعة فى التنظيم /
_cكامل محمد المغربى
300 _a357 ص
490 _aكتاب
_v0
650 0 4 _aالادارة
650 0 4 _aادارة الافراد
650 0 4 _aالسمات الشخصية
942 _2ddc
_cBK
999 _c41271
_d41271